000 00651cab a2200241 4500
001 ABS54267
008 090401t1996 xxu||||| |||| 00| 0 eng d
035 _a(Sirsi) u9408
041 _aeng
100 _aThompson, J.C.
245 _aGood vibrations
260 _c1996
350 _a0
490 _aBuilding
_v261(7923) 12 January 1996, 34-35(2)
520 _aOutlines the philosophy of `Feng shui` in building design.
650 _aBUILT ENVIRONMENT-CONSTRUCTION DESIGN
650 _aFENG SHUI
650 _aGEOMANCY
650 _aSOUTHEAST ASIA
690 _aBUILT ENVIRONMENT-CONSTRUCTION DESIGN
942 _n0
948 _c04/03/1997
999 _c5872
_d5872